[Event "Sao Jose do Rio Preto SMEL"]
[Site "Sao Jose do Rio Preto"]
[Date "2011.09.25"]
[Round "6"]
[White "Iglesias, Juan"]
[Black "Camargo, Peter Jackson Mille"]
[Result "1/2-1/2"]
[WhiteElo "2139"]
[BlackElo "1841"]
[PlyCount "37"]
[EventDate "2011.09.21"]
[EventType "tourn"]
[EventRounds "11"]
[EventCountry "BRA"]
[SourceTitle "EXT 2022"]
[Source "ChessBase"]
[SourceDate "2021.10.06"]
[SourceVersion "1"]
[SourceVersionDate "2021.10.06"]
[SourceQuality "1"]

1. e4 d5 2. exd5 Qxd5 3. Nc3 Qa5 4. d4 Nf6 5. Nf3 c6 6. Bc4 Bf5 7. Bd2 e6 8. Nd5 Qd8 9. Nxf6+ Qxf6 10. Qe2 Nd7 11. 0-0-0 Nb6 12. Bd3 Bxd3 13. Qxd3 Qg6 14. Qxg6 hxg6 15. Bf4 Nd5 16. Bg3 Rd8 17. Rhe1 Bd6 18. Bxd6 Rxd6 19. c4 1/2-1/2

[Event "Sao Jose do Rio Preto SMEL"]
[Site "Sao Jose do Rio Preto"]
[Date "2011.09.22"]
[Round "2"]
[White "Iglesias, Juan"]
[Black "Borges, Leomar Barbero"]
[Result "0-1"]
[WhiteElo "2139"]
[BlackElo "2203"]
[PlyCount "40"]
[EventDate "2011.09.21"]
[EventType "tourn"]
[EventRounds "11"]
[EventCountry "BRA"]
[SourceTitle "EXT 2022"]
[Source "ChessBase"]
[SourceDate "2021.10.06"]
[SourceVersion "1"]
[SourceVersionDate "2021.10.06"]
[SourceQuality "1"]

1. d4 Nf6 2. Nf3 c5 3. c3 b6 4. Bf4 Bb7 5. e3 g6 6. Bd3 Bg7 7. Nbd2 Nc6 8. Ne4 0-0 9. Nxf6+ Bxf6 10. 0-0 d6 11. Bg5 Bg7 12. d5 Nb8 13. e4 Nd7 14. Qe2 a6 15. c4 Nf6 16. e5 dxe5 17. Nxe5 Qd6 18. Rab1 Nxd5 19. Nxf7 Rxf7 20. cxd5 Qxd5 0-1